Estudios en el evangelio según Mateo Doctrinas básicas para la iglesia local estudios en el libro de deuteronomio. Grandes pasajes de la Biblia 52 estudios de la Biblia para alumnos adultos
Uloženo v:
| Hlavní autor: | |
|---|---|
| Další autoři: | |
| Médium: | Kniha |
| Jazyk: | španělština |
| Vydáno: |
El Paso, TX.
Mundo Hispano
2011
|
| Vydání: | 3ª ed. |
| Témata: | |
| Tagy: |
Přidat tag
Žádné tagy, Buďte první, kdo vytvoří štítek k tomuto záznamu!
|
MARC
| LEADER | 00000nam a22000005a 4500 | ||
|---|---|---|---|
| 003 | CL-ChBUA | ||
| 005 | 20120815095529.0 | ||
| 008 | 110830s2011 xxu||||| |||| 000 ||spa | ||
| 020 | |a 9780311117109 | ||
| 040 | |a CL-ChBUA |c CL-ChBUA | ||
| 082 | 0 | 0 | |a 268 |
| 090 | |c 28684 |d 28684 | ||
| 100 | 1 | |a Díaz F., Jorge Enrique.,ed. | |
| 245 | 1 | 0 | |a Estudios en el evangelio según Mateo Doctrinas básicas para la iglesia local estudios en el libro de deuteronomio. Grandes pasajes de la Biblia |b 52 estudios de la Biblia para alumnos adultos |
| 250 | |a 3ª ed. | ||
| 260 | |a El Paso, TX. |b Mundo Hispano |c 2011 | ||
| 300 | |a 222 p. |c 23 cm. | ||
| 504 | |a índice | ||
| 650 | 4 | |a EDUCACION CRISTIANA | |
| 700 | 1 | |a Zorzoli, Rubén.,ed. | |
| 942 | |c LIB | ||
| 952 | |0 0 |1 0 |4 0 |7 0 |9 67334 |a UNACH |b UNACH |c 200 |d 2011-08-30 |i 47.705 |l 1 |o 268.434 / En 59 v.1 |p 68466 |r 2025-01-09 00:00:00 |s 2025-01-08 |u 67334 |w 2012-08-08 |y LIB |k 268.434 / En 59 v.1 | ||
| 999 | |c 28684 |d 28684 | ||